[Event "Lugano New op 3rd"]
[Site "Lugano"]
[Date "2009.05.01"]
[Round "2"]
[White "Colombani, Camillo"]
[Black "Rossero, Tullio"]
[Result "0-1"]
[WhiteElo "1631"]
[BlackElo "1829"]
[PlyCount "57"]
[EventDate "2009.04.30"]
[EventType "swiss"]
[EventRounds "6"]
[EventCountry "SUI"]
[SourceTitle "EXT 2011"]
[Source "ChessBase"]
[SourceDate "2010.11.26"]
[SourceVersion "1"]
[SourceVersionDate "2010.11.26"]
[SourceQuality "1"]

1. e4 d6 2. Nf3 Nf6 3. Nc3 g6 4. d4 c6 5. Bd3 Bg7 6. 0-0 0-0 7. Ne2 Bg4 8. h3 Bxf3 9. gxf3 Nbd7 10. Ng3 e5 11. dxe5 Nxe5 12. f4 Nxd3 13. cxd3 Qc7 14. f5 d5 15. fxg6 fxg6 16. exd5 Nxd5 17. h4 Rad8 18. Qe2 Kh8 19. h5 Rfe8 20. Qg4 Nf6 21. Qh3 gxh5 22. Nxh5 Nxh5 23. Qxh5 Re6 24. Rb1 Qe7 25. Be3 Rf8 26. Bg5 Rg6 27. f4 Qc5+ 28. Rf2 Bd4 29. Rbf1 0-1

[Event "Lugano New op 2nd"]
[Site "Lugano"]
[Date "2008.03.16"]
[Round "7"]
[White "Steenvoorden, Dimitri"]
[Black "Rossero, Tullio"]
[Result "1-0"]
[WhiteElo "2096"]
[BlackElo "1834"]
[PlyCount "111"]
[EventDate "2008.03.13"]
[EventType "swiss"]
[EventRounds "7"]
[EventCountry "SUI"]
[SourceTitle "EXT 2010"]
[Source "ChessBase"]
[SourceDate "2010.11.25"]
[SourceVersion "1"]
[SourceVersionDate "2010.11.25"]
[SourceQuality "1"]

1. e4 d6 2. d4 Nf6 3. Nc3 c6 4. Bd3 g6 5. e5 dxe5 6. dxe5 Nd5 7. Nxd5 Qxd5 8. Qe2 Bg7 9. Nf3 Bg4 10. Be4 Bxf3 11. Qxf3 Qxe5 12. 0-0 0-0 13. c3 Nd7 14. Be3 Nf6 15. Bc2 Rfd8 16. Rfd1 Qc7 17. Bb3 a5 18. a4 Rxd1+ 19. Rxd1 Rd8 20. Re1 Nd5 21. g3 e6 22. Bg5 Rd7 23. Qe2 h6 24. Bc1 Qb6 25. Bc2 Re7 26. Qg4 Kh7 27. h4 Nf6 28. Qf3 Qc5 29. Rd1 Qh5 30. Qe3 Nd5 31. Qc5 Bf8 32. Qxa5 Qe2 33. Bb3 Bg7 34. c4 b6 35. Qd2 Qxd2 36. Rxd2 Nb4 37. Kf1 Ra7 38. Ke2 Ra5 39. Rd7 b5 40. Bd2 bxc4 41. Bxb4 Re5+ 42. Kd2 cxb3 43. Rxf7 Rd5+ 44. Ke2 Kg8 45. Rb7 Bxb2 46. Bd2 Bg7 47. Rxb3 Rd7 48. Rb6 Rc7 49. a5 Bd4 50. Rb8+ Kf7 51. a6 Ke7 52. Bxh6 Kd7 53. Be3 e5 54. Kd3 c5 55. Kc4 Ra7 56. Rb6 1-0

[Event "Lugano New op 2nd"]
[Site "Lugano"]
[Date "2008.03.14"]
[Round "3"]
[White "Paleologu, Vladimir"]
[Black "Rossero, Tullio"]
[Result "1-0"]
[WhiteElo "2147"]
[BlackElo "1834"]
[PlyCount "73"]
[EventDate "2008.03.13"]
[EventType "swiss"]
[EventRounds "7"]
[EventCountry "SUI"]
[SourceTitle "EXT 2010"]
[Source "ChessBase"]
[SourceDate "2010.11.25"]
[SourceVersion "1"]
[SourceVersionDate "2010.11.25"]
[SourceQuality "1"]

1. e4 d6 2. d4 Nf6 3. f3 g6 4. Be3 Bg7 5. Qd2 c6 6. c4 Nbd7 7. Nc3 a6 8. a4 Qa5 9. Ra3 0-0 10. g4 Re8 11. Nge2 h5 12. g5 Nh7 13. h4 e5 14. d5 Qd8 15. a5 c5 16. Bh3 Rb8 17. Na4 Nhf8 18. b4 b5 19. axb6 Nxb6 20. Nxb6 Bxh3 21. Rxh3 Rxb6 22. bxc5 dxc5 23. Kf2 Qc8 24. Rh1 f5 25. gxf6 Rxf6 26. Bg5 Rd6 27. Kg2 Ne6 28. Be3 Rf8 29. Rh3 Nd4 30. Bxd4 cxd4 31. Qb4 Rdf6 32. c5 R8f7 33. Rb3 Bf8 34. d6 Rg7 35. Rg3 Kh7 36. Rg5 Rg8 37. Qb7+ 1-0

[Event "Venice Autumn op-B 10th"]
[Site "Venice"]
[Date "2004.10.30"]
[Round "1"]
[White "Rossero, Tullio"]
[Black "Lorusso, Giuseppe"]
[Result "1-0"]
[WhiteElo "1862"]
[BlackElo "1987"]
[PlyCount "69"]
[EventDate "2004.10.30"]
[EventType "swiss"]
[EventRounds "5"]
[EventCountry "ITA"]
[SourceTitle "EXT 2009"]
[Source "ChessBase"]
[SourceDate "2008.11.26"]
[SourceVersion "1"]
[SourceVersionDate "2008.11.26"]
[SourceQuality "1"]

1. d4 Nf6 2. c4 c5 3. d5 b5 4. cxb5 a6 5. Nc3 axb5 6. Nxb5 Bb7 7. Nc3 g6 8. e4 d6 9. Nf3 Bg7 10. Bb5+ Nbd7 11. e5 dxe5 12. Nxe5 0-0 13. Nc6 Bxc6 14. dxc6 Ne5 15. Qxd8 Rfxd8 16. Be3 Rac8 17. Bxc5 Nd3+ 18. Bxd3 Rxd3 19. Ke2 Rdd8 20. Bb6 Rd6 21. Rhd1 Rdxc6 22. Rd8+ Rxd8 23. Bxd8 Ng4 24. h3 Bxc3 25. bxc3 Nf6 26. a4 Nd5 27. Ba5 Nxc3+ 28. Bxc3 Rxc3 29. a5 Rc7 30. a6 Ra7 31. Kd3 Kf8 32. Kc4 Ke8 33. Kb5 Ra8 34. a7 Kd8 35. Kb6 1-0